00402 2200157 4500001002100000008004100021035002000062245003300082100001800115260003300133300002200166020002200188084001400210082000800224990001200232INLIS000000000002793 IND  a0010-0925000140 aWhite RomansacKeisha Sarang aKeisha Sarang aJakartabLaskar Aksarac2013 a176c(13 x 19 cm) a978-602-7732-11-7 a813 KEI w a813 a0755015